| 000 | 01205nam0a22002531 4500 | ||
|---|---|---|---|
| 001 | rc\3548111 | ||
| 005 | 20260408083652.0 | ||
| 021 |
_aRU _bРг15040-73 |
||
| 021 |
_aRU _b73-84048 |
||
| 035 | _a(NLR Aleph) 007636518 | ||
| 090 |
_a6079860 _c6079860 |
||
| 100 | _a20130115d1973 |||y0rusy50 ca | ||
| 101 | 0 | _arus | |
| 102 | _aRU | ||
| 105 | _ay z ||||| | ||
| 200 | 1 |
_aВременная методика определения экономической эффективности автоматизированных систем управления предприятиями _fГос. ком. Совета Министров СССР по науке и технике. Госплан СССР. АН СССР |
|
| 210 |
_aМосква _cЭкономика _d1973 |
||
| 215 |
_a30 с. _d20 |
||
| 712 | 0 | 1 |
_aСССР _bКомитет по науке и технике _bДелегация в Англию для ознакомления с технологией производства смазочных масел и присадок к ним _f1966 _3RU\NLR\AUTH\8810170818 _9837492 |
| 801 | 0 |
_aRU _bNLR _gpsbo |
|
| 801 | 1 |
_aRU _bELAR _2rusmarc |
|
| 852 |
_aNLR _j73-4/31465 |
||
| 942 | _cBOOK | ||
| 980 | _aNB | ||